00389nam a2200145Ia 4500003000400000005001700004008004100021040000900062082001800071100001600089245006800105260004200173300000900215650001900224OSt20201015125858.0190216s9999||||xx |||||||||||||| ||und|| coclc a821.78bKEA/C aKeats, John 0aComplete Poetical Works /b cJohn Keats ; Percy Bysshe Shelley bThe Modern Library,c1978.aNew york: a914p aEnglish Poetry